| 000 | 00648nam a2200193Ia 4500 | ||
|---|---|---|---|
| 003 | GCL | ||
| 008 | 140319s9999 xx 000 0 ara d | ||
| 040 |
_aGCL / _cGCL |
||
| 082 | 0 | 4 |
_a811.4 _bق ن |
| 100 | 1 | _aالتيمى: ابوعبيدة معمر بن المثنى | |
| 245 | 1 | 0 |
_aكتاب النقائض : نقائض جرير والفرزدق / _cالتيمى: ابوعبيدة معمر بن المثنى |
| 260 |
_a[S.N] : _bمكتبة المثنى ، _c1905 |
||
| 490 | _a | ||
| 650 | 0 | 4 | _aالشعر العربى |
| 650 | 0 | 4 | _aالادب العربى |
| 650 | 0 | 4 | _aتاريخ ونقد |
| 650 | 0 | 4 | _aالمجموعات |
| 942 |
_2ddc _cBK |
||
| 999 |
_c58906 _d58906 |
||